MARC details
| 000 -CABECERA |
| campo de control de longitud fija |
01407nam a2200313 a 4500 |
| 001 - NÚMERO DE CONTROL |
| campo de control |
000039138 |
| 005 - FECHA Y HORA DE LA ÚLTIMA TRANSACCIÓN |
| campo de control |
20260120073951.0 |
| 008 - DATOS DE LONGITUD FIJA--INFORMACIÓN GENERAL |
| campo de control de longitud fija |
130527s2012 dr 001 0dspa d |
| 020 ## - NÚMERO INTERNACIONAL ESTÁNDAR DEL LIBRO |
| Número Internacional Estándar del Libro |
9789945408706 |
| 040 ## - FUENTE DE LA CATALOGACIÓN |
| Centro catalogador/agencia de origen |
DO-SdBNP |
| Lengua de catalogación |
spa |
| Centro/agencia transcriptor |
BNPHU |
| 082 ## - NÚMERO DE LA CLASIFICACIÓN DECIMAL DEWEY |
| Número de clasificación |
922.27293 |
| Número de documento/Ítem |
B333e |
| 049 ## - FONDOS LOCALES (OCLC) |
| Fondos de biblioteca |
BNPD |
| 100 1# - ENTRADA PRINCIPAL--NOMBRE DE PERSONA |
| Nombre de persona |
Batista, Pedro Alejandro, |
| Fechas asociadas al nombre |
1968- |
| 9 (RLIN) |
65345 |
| 245 10 - MENCIÓN DE TÍTULO |
| Título |
Espinosa y Moscoso : |
| Resto del título |
dos columnas de la iglesia en San José de las Matas / |
| Mención de responsabilidad, etc. |
Pedro Alejandro Batista ; prólogo Monseñor Ramón Benito de la Rosa y Carpio. |
| 260 ## - PUBLICACIÓN, DISTRIBUCIÓN, ETC. |
| Lugar de publicación, distribución, etc. |
Santo Domingo : |
| Nombre del editor, distribuidor, etc. |
Argos, |
| Fecha de publicación, distribución, etc. |
2012. |
| 300 ## - DESCRIPCIÓN FÍSICA |
| Extensión |
317 p. ; |
| Dimensiones |
23 cm. |
| 500 ## - NOTA GENERAL |
| Nota general |
Incluye datos biográficos del autor en las solapas de la cubierta. |
| 500 ## - NOTA GENERAL |
| Nota general |
Incluye cronologías de los sacerdotes Espinosa Azcona y Moscoso Rodríguez. |
| 504 ## - NOTA DE BIBLIOGRAFÍA, ETC. |
| Nota de bibliografía, etc. |
Incluye bibliografía y notas al pie de páginas. |
| 600 14 - PUNTO DE ACCESO ADICIONAL DE MATERIA--NOMBRE DE PERSONA |
| Nombre de persona |
ESPINOSA AZCONA, JOSÉ EUGENIO, |
| Fechas asociadas al nombre |
1799-1882 |
| 9 (RLIN) |
65346 |
| 600 14 - PUNTO DE ACCESO ADICIONAL DE MATERIA--NOMBRE DE PERSONA |
| Nombre de persona |
MOSCOSO RODRÍGUEZ, MANUEL DE JESÚS, |
| Fechas asociadas al nombre |
1861-1917 |
| 9 (RLIN) |
65347 |
| 650 #0 - PUNTO DE ACCESO ADICIONAL DE MATERIA--TÉRMINO DE MATERIA |
| Término de materia o nombre geográfico como elemento de entrada |
Vida espiritual |
| 9 (RLIN) |
268 |
| 650 #4 - PUNTO DE ACCESO ADICIONAL DE MATERIA--TÉRMINO DE MATERIA |
| Término de materia o nombre geográfico como elemento de entrada |
Sacerdotes dominicanos |
| Subdivisión general |
Biografías |
| 9 (RLIN) |
33806 |
| 650 #4 - PUNTO DE ACCESO ADICIONAL DE MATERIA--TÉRMINO DE MATERIA |
| Término de materia o nombre geográfico como elemento de entrada |
Clero |
| Subdivisión geográfica |
República Dominicana |
| 9 (RLIN) |
44127 |
| 650 #4 - PUNTO DE ACCESO ADICIONAL DE MATERIA--TÉRMINO DE MATERIA |
| Término de materia o nombre geográfico como elemento de entrada |
Iglesia católica |
| Subdivisión geográfica |
República Dominicana |
| Subdivisión general |
Historia |
| 9 (RLIN) |
358 |
| 651 #4 - PUNTO DE ACCESO ADICIONAL DE MATERIA--NOMBRE GEOGRÁFICO |
| Nombre geográfico |
San José De Las Matas (República Dominicana{Rpara} |
| Subdivisión general |
Historia Local |
| 9 (RLIN) |
45105 |
| 700 1# - PUNTO DE ACCESO ADICIONAL--NOMBRE DE PERSONA |
| Nombre de persona |
Rosa y Carpio, Ramón Benito de la, |
| Fechas asociadas al nombre |
1939- |
| Término indicativo de función/relación |
pról. |
| 9 (RLIN) |
74159 |
| 910 ## - DATOS DE OPCIÓN DEL USUARIO (OCLC) |
| Datos de opción del usuario |
Validado. Control de calidad EMS |